| 000 | 00499nam a2200145Ia 4500 | ||
|---|---|---|---|
| 008 | 140724s9999 xx 000 0 und d | ||
| 050 |
_aHF 5415.13 _b.V726 2012 |
||
| 100 | _aVillaruel, Airone A. | ||
| 245 |
_aMarketing strategy for Barista J in SM Southmall / _cAirone A. Villaruel. |
||
| 260 |
_aLas PiƱas, Philippines : _bSouthville International School and Colleges, _cc2012. |
||
| 300 |
_a58 p. : _bcol. Ill. ; _c28 cm. |
||
| 521 | _aBusiness Administration | ||
| 942 | _cTH | ||
| 999 |
_c228758 _d228758 |
||